| 000 | 00564nam a2200181 i 4500 | ||
|---|---|---|---|
| 001 | 72329 | ||
| 003 | ES-MaACL | ||
| 005 | 20250910213142.0 | ||
| 007 | t| | ||
| 008 | 040831s1973 sp ||||1| cat d | ||
| 100 | 1 |
_aGiner Sorolla, Alfredo. _957133 |
|
| 245 | 1 | 0 |
_aDol duen les flames i allegoriques / _cAlfredo Giner Sorolla ; divagació preliminar per Joan Fuster. |
| 260 |
_aValencia : _b[s.n., _c1973] ( _fImp. Fermar) |
||
| 300 |
_a89 p. ; _c22 cm. |
||
| 700 | 1 |
_aFuster, Joan, _d1922-1992 _9163689 |
|
| 852 | 4 |
_aES-MaACL _jC-51327 |
|
| 999 |
_c72329 _d72329 |
||